<?xml version="1.0" encoding="UTF-8"?>
<record
    xmlns:xsi="http://www.w3.org/2001/XMLSchema-instance"
    xsi:schemaLocation="http://www.loc.gov/MARC21/slim http://www.loc.gov/standards/marcxml/schema/MARC21slim.xsd"
    xmlns="http://www.loc.gov/MARC21/slim">

  <leader>00731nam a22002537a 4500</leader>
  <controlfield tag="005">20260411102635.0</controlfield>
  <controlfield tag="008">260411b        |||||||| |||| 00| 0 eng d</controlfield>
  <datafield tag="020" ind1=" " ind2=" ">
    <subfield code="a">9781138569478</subfield>
  </datafield>
  <datafield tag="040" ind1=" " ind2=" ">
    <subfield code="c">AL</subfield>
  </datafield>
  <datafield tag="041" ind1=" " ind2=" ">
    <subfield code="a">English</subfield>
  </datafield>
  <datafield tag="082" ind1=" " ind2=" ">
    <subfield code="a">621.47</subfield>
    <subfield code="b">GOSP</subfield>
  </datafield>
  <datafield tag="100" ind1=" " ind2=" ">
    <subfield code="a">D Yogi Goswami</subfield>
    <subfield code="9">261464</subfield>
  </datafield>
  <datafield tag="245" ind1=" " ind2=" ">
    <subfield code="a">Principles of solar engineering</subfield>
  </datafield>
  <datafield tag="250" ind1=" " ind2=" ">
    <subfield code="a">3.</subfield>
  </datafield>
  <datafield tag="260" ind1=" " ind2=" ">
    <subfield code="a">London</subfield>
    <subfield code="b">CRS Press</subfield>
    <subfield code="c">2018</subfield>
  </datafield>
  <datafield tag="300" ind1=" " ind2=" ">
    <subfield code="a">xix,801p.</subfield>
    <subfield code="b">PB</subfield>
    <subfield code="c">23x15cm.</subfield>
  </datafield>
  <datafield tag="365" ind1=" " ind2=" ">
    <subfield code="b">VBI-2645</subfield>
    <subfield code="c">&#x20B9;2246.25</subfield>
    <subfield code="d">&#x20B9;</subfield>
    <subfield code="e">&#x20B9;2995.00</subfield>
    <subfield code="f">25%</subfield>
    <subfield code="g">20-02-2026</subfield>
  </datafield>
  <datafield tag="650" ind1=" " ind2=" ">
    <subfield code="a">Solar Energy</subfield>
    <subfield code="9">261465</subfield>
  </datafield>
  <datafield tag="650" ind1=" " ind2=" ">
    <subfield code="a">Renewable Energy Engineering</subfield>
    <subfield code="9">261466</subfield>
  </datafield>
  <datafield tag="650" ind1=" " ind2=" ">
    <subfield code="a">Thermodynamics</subfield>
    <subfield code="9">261467</subfield>
  </datafield>
  <datafield tag="650" ind1=" " ind2=" ">
    <subfield code="a">Heat Transfer</subfield>
    <subfield code="9">261468</subfield>
  </datafield>
  <datafield tag="650" ind1=" " ind2=" ">
    <subfield code="a">Power Engineering</subfield>
    <subfield code="9">261469</subfield>
  </datafield>
  <datafield tag="942" ind1=" " ind2=" ">
    <subfield code="2">ddc</subfield>
    <subfield code="c">BK</subfield>
  </datafield>
  <datafield tag="999" ind1=" " ind2=" ">
    <subfield code="c">241228</subfield>
    <subfield code="d">241228</subfield>
  </datafield>
  <datafield tag="952" ind1=" " ind2=" ">
    <subfield code="0">0</subfield>
    <subfield code="1">0</subfield>
    <subfield code="2">ddc</subfield>
    <subfield code="4">0</subfield>
    <subfield code="7">0</subfield>
    <subfield code="8">ECE </subfield>
    <subfield code="a">SE</subfield>
    <subfield code="b">SE</subfield>
    <subfield code="d">2026-04-10</subfield>
    <subfield code="e">Vidyarthi Books</subfield>
    <subfield code="g">2246.25</subfield>
    <subfield code="l">0</subfield>
    <subfield code="o">621.47 GOSP</subfield>
    <subfield code="p">SE000500</subfield>
    <subfield code="r">2026-04-11 11:10:39</subfield>
    <subfield code="v">2995.00</subfield>
    <subfield code="w">2026-02-20</subfield>
    <subfield code="y">BK</subfield>
  </datafield>
</record>
